[Event "Barcelona Sant Marti op 04th"]
[Site "Barcelona"]
[Date "2002.04.27"]
[Round "4.42"]
[White "Pinero Mari, Hector"]
[Black "Escobar Figueroa, Sandra"]
[Result "1-0"]
[WhiteElo "1800"]
[BlackElo "1700"]
[PlyCount "63"]
[EventDate "2002.04.06"]
[EventType "swiss"]
[EventRounds "9"]
[EventCountry "ESP"]
[SourceTitle "EXT 2003"]
[Source "ChessBase"]
[SourceDate "2002.11.25"]
[SourceVersion "1"]
[SourceVersionDate "2002.11.25"]
[SourceQuality "1"]

1. c4 e5 2. Nc3 Nf6 3. g3 Bc5 4. Bg2 Nc6 5. e3 0-0 6. Nge2 d6 7. 0-0 Be6 8. d4 exd4 9. exd4 Nxd4 10. Nxd4 Bxc4 11. Re1 c6 12. Nf5 g6 13. Bh6 Re8 14. Rxe8+ Qxe8 15. Nxd6 Qd7 16. Nxc4 Qxd1+ 17. Rxd1 Re8 18. Nd6 Bxd6 19. Rxd6 Ng4 20. Bd2 Ne5 21. Ne4 Re6 22. Rxe6 fxe6 23. Bc3 Nc4 24. Nf6+ Kf7 25. Nxh7 Kg8 26. Nf6+ Kf8 27. Nd7+ Ke7 28. Ne5 Nxe5 29. Bxe5 c5 30. Bxb7 a5 31. h4 Kf7 32. g4 1-0